00720nam a2200193Ia 4500003000900000008004100009040001600050080001300066100002300079245015000102260006000252300000900312650002800321650001900349700002200368942000700390999001500397952011400412IN-BaIIA211028s9999 xx 000 0 eng d cIIA Library a624bPAN aPande, G. N.99650 0aDesign of hydraulic structures with high yield strength deformed barscPande, G. N. And R. Chandra  aCalcuttabTor-Steel Reseasrch Foundation in Indiac1977 a79p. aCivil engineering95496 aNASA Thesaurus aChandra, R.99651 cBK c5549d5549 00104070aBANbBANcGENd1977-08-25g15.00l0o624/ PANp6211r2021-11-05v15.00w1977-08-25yBKGRs. 15.00